01147cam a2200229 a 4500999001700000001000900017005001700026008004100043041000800084080001700092245017100109250001300280264004600293300004700339653006600386700005800452700005800510700005700568942001200625952014000637952014000777 c57421d574211614395020220929111423.0100305s2015 paua b 001 0 eng  aeng a616.053 F-2300aFanaroff and Martin's neonatal-perinatal medicine :bVolume 1. Diseases of the fetus and infant /c[edited by] Richard J. Martin, Avroy A. Fanaroff, Michele C. Walsh. a10th ed. aPhiladelphia :bSaunders/Elsevier,c2015. a2 v. (1840. lx, [lx] p.) :bill. ;c29 cm. aპერინატალური მედიცინა1 aMartin, Richard J.eრედაქტორი985371 aFanaroff, Avroy A.eრედაქტორი985381 aWalsh, Michele C.eრედაქტორი98539 2udccBK 00102udc406616053_F2370989133aCPLbCPLcGENd2020-06-18g327.00o616.053 F-23p60619r2020-06-18t60619w2020-06-18yBKz327 ლ. 00102udc406616053_F2370998659aCPLbCPLcGENd2024-04-15g327.00o616.053 F-23p60618r2024-04-15t60618w2024-04-15yBKz327 ლ.